<?xml version="1.0" encoding="UTF-8"?>
<record
    xmlns:xsi="http://www.w3.org/2001/XMLSchema-instance"
    xsi:schemaLocation="http://www.loc.gov/MARC21/slim http://www.loc.gov/standards/marcxml/schema/MARC21slim.xsd"
    xmlns="http://www.loc.gov/MARC21/slim">

  <leader>02580nam a2200337 c 4500</leader>
  <controlfield tag="001">1264</controlfield>
  <controlfield tag="003">gtuscu</controlfield>
  <controlfield tag="005">20250825114253.0</controlfield>
  <controlfield tag="007">ta</controlfield>
  <controlfield tag="008">250821e2011    gt d|||| |||| 00| 0 spa d</controlfield>
  <datafield tag="020" ind1=" " ind2=" ">
    <subfield code="a">9789929592025</subfield>
  </datafield>
  <datafield tag="040" ind1=" " ind2=" ">
    <subfield code="a">gtuscu</subfield>
    <subfield code="b">spa</subfield>
    <subfield code="c">gtuscu</subfield>
    <subfield code="d">gtuscu</subfield>
    <subfield code="e">rda</subfield>
  </datafield>
  <datafield tag="082" ind1="0" ind2="4">
    <subfield code="a">333.7 T327</subfield>
  </datafield>
  <datafield tag="245" ind1="1" ind2=" ">
    <subfield code="a">Territorio y regi&#xF3;n :</subfield>
    <subfield code="b">agua, drenajes y recursos naturales en Guatemala /</subfield>
    <subfield code="c"> Luis Rafael Valladares Vielman</subfield>
  </datafield>
  <datafield tag="264" ind1="1" ind2=" ">
    <subfield code="a">Guatemala :</subfield>
    <subfield code="b">Universidad de San Carlos de Guatemala, Centro de Estudios Urbanos y Regionales,</subfield>
    <subfield code="c">2011.</subfield>
  </datafield>
  <datafield tag="300" ind1=" " ind2=" ">
    <subfield code="a">238  p&#xE1;ginas :</subfield>
    <subfield code="b">gr&#xE1;ficas ;</subfield>
    <subfield code="c">13.5 cm</subfield>
  </datafield>
  <datafield tag="336" ind1=" " ind2=" ">
    <subfield code="2">rdacontenido</subfield>
    <subfield code="a">texto</subfield>
    <subfield code="b">txt</subfield>
  </datafield>
  <datafield tag="337" ind1=" " ind2=" ">
    <subfield code="2">rdamedio</subfield>
    <subfield code="a">sin mediaci&#xF3;n</subfield>
    <subfield code="b">n</subfield>
  </datafield>
  <datafield tag="338" ind1=" " ind2=" ">
    <subfield code="2">rdasoporte</subfield>
    <subfield code="a">volumen</subfield>
    <subfield code="b">nc</subfield>
  </datafield>
  <datafield tag="490" ind1=" " ind2=" ">
    <subfield code="a">Territorio y Regionalizaci&#xF3;n en Guatemala ;</subfield>
    <subfield code="v">volumen VII</subfield>
  </datafield>
  <datafield tag="500" ind1=" " ind2=" ">
    <subfield code="a">La presente publicaci&#xF3;n es una compilaci&#xF3;n que recoge cinco trabajos.</subfield>
  </datafield>
  <datafield tag="520" ind1="3" ind2=" ">
    <subfield code="a">El ambiente y los recursos naturales son temas que no son ajenos al estudio de lo territorial y lo regional. En el libro que el lector tiene en sus manos, se encuentran las investigaciones realizadas en el CEUR por tres investigadores: Luis Rafael Valladares Vielman se ocupa del estudio del territorio, la regionalizaci&#xF3;n, el paisaje y el espacio; Nicol&#xE1;s de Jes&#xFA;s Guzm&#xE1;n S&#xE1;enz estudia los servicios de agua y de drenaje, sus antecedentes hist&#xF3;ricos, y un an&#xE1;lisis estad&#xED;stico de su cobertura; C&#xE9;sar Augusto Casta&#xF1;eda Salguero para finalizar presenta tres apartados, en el primero explica su enfoque acerca de la interacci&#xF3;n naturaleza y sociedad, en el segundo expone las causas del deterioro de los lagos y lagunas en Guatemala y en el &#xFA;ltimo apartado expone el caso espec&#xED;fico del Lago de Atitlan, con sus caracter&#xED;sticas hist&#xF3;ricas, socio geogr&#xE1;ficas, culturales y las actividades econ&#xF3;micas de sus alrededores.
El contenido del libro invita a reflexionar sobre lo expresado por C&#xE9;sar Augusto Casta&#xF1;eda Salguero: "Los problemas ambientales se derivan del seno de la sociedad y se resolver&#xE1;n en la medida que &#xE9;sta viva transformaciones que conduzcan a relaciones m&#xE1;s arm&#xF3;nicas y favorables con la naturaleza en su conjunto".</subfield>
  </datafield>
  <datafield tag="650" ind1="1" ind2="4">
    <subfield code="2">LEMB</subfield>
    <subfield code="a">Recursos naturales</subfield>
    <subfield code="z">Guatemala</subfield>
  </datafield>
  <datafield tag="650" ind1="1" ind2="4">
    <subfield code="2">LEMB</subfield>
    <subfield code="a">contaminaci&#xF3;n ambiental</subfield>
  </datafield>
  <datafield tag="650" ind1="1" ind2="4">
    <subfield code="2">LEMB</subfield>
    <subfield code="a">Lago de Atitl&#xE1;n</subfield>
  </datafield>
  <datafield tag="650" ind1="1" ind2="4">
    <subfield code="2">LEMB</subfield>
    <subfield code="a">Cuencas hidrogr&#xE1;ficas</subfield>
  </datafield>
  <datafield tag="700" ind1="1" ind2=" ">
    <subfield code="a">Valladares Vielman, Luis Rafael</subfield>
    <subfield code="e">creador y editor</subfield>
  </datafield>
  <datafield tag="700" ind1="1" ind2=" ">
    <subfield code="a">Guzm&#xE1;n S&#xE1;enz, Nicol&#xE1;s de Jes&#xFA;s</subfield>
    <subfield code="e">creador</subfield>
  </datafield>
  <datafield tag="700" ind1="1" ind2=" ">
    <subfield code="a">Casta&#xF1;eda Salguero, C&#xE9;sar</subfield>
    <subfield code="e">creador</subfield>
  </datafield>
  <datafield tag="942" ind1=" " ind2=" ">
    <subfield code="2">ddc</subfield>
    <subfield code="c">BK</subfield>
    <subfield code="h">CEUR 333.7 T327</subfield>
    <subfield code="n">0</subfield>
  </datafield>
  <datafield tag="999" ind1=" " ind2=" ">
    <subfield code="c">1264</subfield>
    <subfield code="d">1264</subfield>
  </datafield>
  <datafield tag="952" ind1=" " ind2=" ">
    <subfield code="0">0</subfield>
    <subfield code="1">0</subfield>
    <subfield code="2">ddc</subfield>
    <subfield code="4">0</subfield>
    <subfield code="7">0</subfield>
    <subfield code="8">gn</subfield>
    <subfield code="a">BICEUR</subfield>
    <subfield code="b">BICEUR</subfield>
    <subfield code="d">2025-08-22</subfield>
    <subfield code="e">Donaci&#xF3;n</subfield>
    <subfield code="g">60.00</subfield>
    <subfield code="i">16H-BF37</subfield>
    <subfield code="l">0</subfield>
    <subfield code="o">CEUR 333.7 T327</subfield>
    <subfield code="p">BFQS00053</subfield>
    <subfield code="r">2025-08-22 12:57:00</subfield>
    <subfield code="w">2025-08-22</subfield>
    <subfield code="y">BK</subfield>
    <subfield code="z">Disponible</subfield>
  </datafield>
  <datafield tag="952" ind1=" " ind2=" ">
    <subfield code="0">0</subfield>
    <subfield code="1">0</subfield>
    <subfield code="2">ddc</subfield>
    <subfield code="4">0</subfield>
    <subfield code="7">0</subfield>
    <subfield code="8">gn</subfield>
    <subfield code="a">BICEUR</subfield>
    <subfield code="b">BICEUR</subfield>
    <subfield code="d">2025-08-22</subfield>
    <subfield code="e">Donaci&#xF3;n</subfield>
    <subfield code="g">60.00</subfield>
    <subfield code="i">16H-BF56</subfield>
    <subfield code="l">0</subfield>
    <subfield code="o">CEUR 333.7 T327 C.2</subfield>
    <subfield code="p">BFQS00081</subfield>
    <subfield code="r">2026-03-03 16:07:00</subfield>
    <subfield code="w">2026-03-03</subfield>
    <subfield code="y">BK</subfield>
    <subfield code="z">Disponible</subfield>
  </datafield>
</record>
